| 000 | 00521nam a2200193 a 4500 | ||
|---|---|---|---|
| 001 | 000020804 | ||
| 005 | 20200930011152.0 | ||
| 008 | 100817s1979 sp a 000 0 spa d | ||
| 020 | _a8424307097 (obra completa) | ||
| 020 | _a8424307194 (t. 10) | ||
| 040 |
_aDO-SdBNP _bspa _cBPJMB |
||
| 082 |
_a910.01 _bG337p |
||
| 245 | 0 | 0 | _aGentes y paises. |
| 260 |
_aBilbao : _bFher, _c1979. |
||
| 300 |
_at. 1 : _bil. ; _c30 cm. |
||
| 490 | 1 | _aFher Junior | |
| 650 | 4 |
_aGeografĂa _xHistoria _943606 |
|
| 830 | 0 |
_aFher Junior _943607 |
|
| 999 |
_c20308 _d20308 |
||